<?xml version="1.0" encoding="UTF-8"?><?xml-stylesheet type="text/xsl" href="static/style.xsl"?><OAI-PMH xmlns="http://www.openarchives.org/OAI/2.0/" xmlns:xsi="http://www.w3.org/2001/XMLSchema-instance" xsi:schemaLocation="http://www.openarchives.org/OAI/2.0/ http://www.openarchives.org/OAI/2.0/OAI-PMH.xsd"><responseDate>2026-04-17T03:35:38Z</responseDate><request verb="GetRecord" identifier="oai:www.recercat.cat:2445/144467" metadataPrefix="marc">https://recercat.cat/oai/request</request><GetRecord><record><header><identifier>oai:recercat.cat:2445/144467</identifier><datestamp>2025-12-05T05:29:17Z</datestamp><setSpec>com_2072_1057</setSpec><setSpec>col_2072_478857</setSpec><setSpec>col_2072_478901</setSpec><setSpec>col_2072_478917</setSpec></header><metadata><record xmlns="http://www.loc.gov/MARC21/slim" xmlns:dcterms="http://purl.org/dc/terms/" xmlns:xsi="http://www.w3.org/2001/XMLSchema-instance" xmlns:doc="http://www.lyncode.com/xoai" xsi:schemaLocation="http://www.loc.gov/MARC21/slim http://www.loc.gov/standards/marcxml/schema/MARC21slim.xsd">
   <leader>00925njm 22002777a 4500</leader>
   <datafield ind2=" " ind1=" " tag="042">
      <subfield code="a">dc</subfield>
   </datafield>
   <datafield ind2=" " ind1=" " tag="720">
      <subfield code="a">Padilla, José I. (Ignacio)</subfield>
      <subfield code="e">author</subfield>
   </datafield>
   <datafield ind2=" " ind1=" " tag="720">
      <subfield code="a">Alvaro Rueda, Karen</subfield>
      <subfield code="e">author</subfield>
   </datafield>
   <datafield ind2=" " ind1=" " tag="720">
      <subfield code="a">Travé Allepuz, Esther</subfield>
      <subfield code="e">author</subfield>
   </datafield>
   <datafield ind2=" " ind1=" " tag="260">
      <subfield code="c">2019-11-11T12:45:34Z</subfield>
   </datafield>
   <datafield ind2=" " ind1=" " tag="260">
      <subfield code="c">2019-11-11T12:45:34Z</subfield>
   </datafield>
   <datafield ind2=" " ind1=" " tag="260">
      <subfield code="c">2011</subfield>
   </datafield>
   <datafield ind2=" " ind1=" " tag="260">
      <subfield code="c">2019-11-11T12:45:35Z</subfield>
   </datafield>
   <datafield ind2=" " ind1=" " tag="520">
      <subfield code="a">El alfar de Cabrera d'Anoia es un centro productor de cerámicas comunes de cocción reductora que llegó a alcanzar notoriedad a nivel comarcal a lo largo del siglo XIII y XIV. Su ubicación en un entorno agreste y montañoso ha determinado que exista una interacción permanente entre las actividades artesanales y el medio natural, lo que ha originado una modificación continuada e intensa del paisaje. La adaptación de la actividad alfarera requirió, además, el uso de estrategias que asumieran la transformación permanente del espacio artesanal y su progresivo desplazamiento, siguiendo un modelo de explotación que debió de ser relativamente frecuente en época medieval. Tras varios años de trabajos continuados para interpretar sus estructuras y analizar las producciones cerámicas recuperadas en sus testares, nos hallamos, actualmente, en condiciones de hacer un balance de conjunto de este centro productor. El artículo sintetiza los recientes estudios que han tenido lugar a partir del estudio de la documentación arqueológica y de los análisis ceramológicos, antracológicos, petrográficos y paleocarpológicos, así como de las dataciones por radiocarbono, que nos permiten reconstruir de forma verosímil la evolución cronológica y espacial del taller, su tecnología de producción y su sistema de organización a lo largo de un prolongado periodo de casi tres siglos.</subfield>
   </datafield>
   <datafield tag="653" ind2=" " ind1=" ">
      <subfield code="a">Ceràmica medieval</subfield>
   </datafield>
   <datafield tag="653" ind2=" " ind1=" ">
      <subfield code="a">Cabrera d'Anoia (Catalunya)</subfield>
   </datafield>
   <datafield tag="653" ind2=" " ind1=" ">
      <subfield code="a">Medieval pottery</subfield>
   </datafield>
   <datafield tag="653" ind2=" " ind1=" ">
      <subfield code="a">Cabrera d'Anoia (Catalonia)</subfield>
   </datafield>
   <datafield ind2="0" ind1="0" tag="245">
      <subfield code="a">El alfar medieval de vajilla culinaria de Cabrera d'Anoia</subfield>
   </datafield>
</record></metadata></record></GetRecord></OAI-PMH>